000 00320nam a2200133Ia 4500
008 240624s9999 xx 000 0 und d
041 _aeng
082 _a823 JOS
100 _aJOSEPH SARAH
245 _aGIFT IN GREEN
260 _c2011
_aNew Delhi
_bHarper Perennial
300 _a348 : p. : cm. ; 20
365 _cRS
_b25
999 _c18502
_d18502